| 000 | 00452 a2200133 4500 | ||
|---|---|---|---|
| 001 | 91310 | ||
| 082 | _aPR 1207 | ||
| 090 |
_c43417 _d43416 |
||
| 100 | _amuhammad Iqbal; Prof Khalid Pervez and Muhammad Ismail (Advisors) | ||
| 245 |
_aTo Study the Classification and Essential Features of Various Kinds of Propulsion Ebgines for Guided Missiles _n43 'A' EC |
||
| 260 |
_aKarachi _bNED University _c1995 |
||
| 300 | _a169p | ||
| 500 | _aBE Project Reports | ||
| 942 |
_aCAE NUST _kPR 1207 |
||
| 999 |
_c326383 _d326383 |
||